J D E Plant Hire v Barking and Dagenham LBC (Record no. 65608)

MARC details
000 -LEADER
fixed length control field 00758cam a2200181 4500
001 - CONTROL NUMBER
control field x109996
008 - FIXED-LENGTH DATA ELEMENTS--GENERAL INFORMATION
fixed length control field 000000n2000 000 0 eng u
035 ## - SYSTEM CONTROL NUMBER
System control number (Sirsi) u109996
245 ## - TITLE STATEMENT
Title J D E Plant Hire v Barking and Dagenham LBC
260 ## - PUBLICATION, DISTRIBUTION, ETC.
Date of publication, distribution, etc. 2000
490 ## - SERIES STATEMENT
Series statement Rating Appeals
Volume/sequential designation [2000] RA 471-486(10)
520 ## - SUMMARY, ETC.
Summary, etc. QBD 28 July 2000. Held that a hereditament divided into 14 units was in the rateable occupation of the licensor because the licensor retained overall control of the hereditabment for the purpose of his business of letting out units. Appeal dismissed.
650 ## - SUBJECT ADDED ENTRY--TOPICAL TERM
Topical term or geographic name entry element RATEABLE OCCUPATION
650 ## - SUBJECT ADDED ENTRY--TOPICAL TERM
Topical term or geographic name entry element STORAGE UNITS
650 ## - SUBJECT ADDED ENTRY--TOPICAL TERM
Topical term or geographic name entry element J D E PLANT HIRE V BARKING V DAGENHAM LBC
690 ## - LOCAL SUBJECT ADDED ENTRY--TOPICAL TERM (OCLC, RLIN)
Topical term or geographic name as entry element RATING AND LOCAL TAXATION-CASE LAW
942 ## - ADDED ENTRY ELEMENTS (KOHA)
Suppress in OPAC 0
Holdings
Withdrawn status Lost status Source of classification or shelving scheme Damaged status Not for loan Home library Current library Shelving location Date acquired Total Checkouts Full call number Barcode Date last seen Copy number Price effective from Koha item type
    Dewey Decimal Classification     London London Journals 19/12/2000   X109996 109996-1001 06/08/2019 1 06/08/2019 Law report